Statistics for NFL - 2015 Detroit Lions Roster

Click here to take the quiz!

General Stats

  • This quiz has been taken 13 times
  • The average score is 7 of 22

Answer Stats

HintAnswer% Correct
QBMatthew Stafford
100%
WRCalvin Johnson
91%
WRGolden Tate
73%
CBDarius Slay
64%
DEEzekiel Ansah
45%
FSGlover Quin
45%
DEJason Jones
45%
TEEric Ebron
36%
MLBStephen Tulloch
36%
RBAmeer Abdullah
27%
LGLaken Tomlinson
18%
LBTahir Whitehead
18%
DTCaraun Reid
9%
DTHaloti Ngata
9%
SSJames Ihedigbo
9%
LBJosh Bynes
9%
WRLance Moore
9%
RGLarry Warford
9%
RTMichael Ola
9%
CBNevin Lawson
9%
LTRiley Reiff
9%
CTravis Swanson
9%

Score Distribution

Percentile by Number Answered

Percent of People with Each Score

Your Score History

You have not taken this quiz